Demodulador FSK coherente a 1200 Baudios

Uloženo v:
Podrobná bibliografie
Hlavní autor: Gómez Gómez, Asdrúbal
Médium: Kniha
Vydáno: [San José , Costa Rica] 1985
Tagy: Přidat tag
Žádné tagy, Buďte první, kdo vytvoří štítek k tomuto záznamu!

MARC

LEADER 00000nam a2200000Ia 4500
003 004304
005 20221231144349.0
008 140114s1985 cr a m 000 ||s d
040 |c cru CEDI 
090 |a TFG 1685 
100 |a Gómez Gómez, Asdrúbal  |9 13870 
245 |a Demodulador FSK coherente a 1200 Baudios 
260 |c 1985  |a  [San José , Costa Rica] 
300 |a x, 74 hojas :iustraciones  
500 |a Proyecto de graduación (bachiller en ingeniería eléctrica)--Universidad de Costa Rica. Facultad de Ingeniería. Escuela de Ingeniería Eléctrica."IE-502 Proyecto Eléctrico" 
942 |c TFG 
999 |c 20767  |d 20767